La capacidad civil (Record no. 110739)

MARC details
000 -LEADER
campo de control de longitud fija 00888nam a2200229 i 4500
001 - NÚMERO DE CONTROL
campo de control 110739
003 - IDENTIFICADOR DE NÚMERO DE CONTROL
campo de control ES-MaACL
005 - FECHA Y HORA DE LA ÚLTIMA TRANSACCIÓN
campo de control 20250930063111.0
007 - CAMPO FIJO DE DESCRIPCIÓN FÍSICA--INFORMACIÓN GENERAL
campo de control de longitud fija t|
008 - DATOS DE LONGITUD FIJA--INFORMACIÓN GENERAL
campo de control de longitud fija 070124s1931 sp ||||1| spa d
080 ## - NÚMERO DE LA CLASIFICACIÓN DECIMAL UNIVERSAL
Número de la Clasificación Decimal Universal 347.155
100 1# - ENTRADA PRINCIPAL--NOMBRE DE PERSONA
Nombre de persona Aramburo y Machado, Mariano,
Fechas asociadas al nombre 1870-1942
9 (RLIN) 22220
245 13 - MENCIÓN DEL TÍTULO
Título La capacidad civil
Resto del título : estudio de las causas que la determinan, modifican y extinguen, según la filosofia del derecho, la historia de la legislación y el derecho vigente en España /
Mención de responsabilidad, etc. Mariano Aramburo.
250 ## - MENCION DE EDICION
Mención de edición 2ª ed.
260 ## - PUBLICACIÓN, DISTRIBUCIÓN, ETC.
Lugar de publicación, distribución, etc. Madrid :
Nombre del editor, distribuidor, etc. Reus,
Fecha de publicación, distribución, etc. 1931.
300 ## - DESCRIPCIÓN FÍSICA
Extensión XX, 466 p. ;
Dimensiones 23 cm.
490 1# - MENCIÓN DE SERIE
Mención de serie Biblioteca jurídica de autores españoles y extranjeros ;
Designación de volumen o secuencia 157
650 #4 - PUNTO DE ACCESO ADICIONAL DE MATERIA--TÉRMINO DE MATERIA
Término de materia o nombre geográfico como elemento de entrada Capacidad legal.
9 (RLIN) 10757
830 1# - PUNTO DE ACCESO ADICIONAL DE SERIE-TÍTULO UNIFORME
Título uniforme Biblioteca jurídica de autores españoles y extranjeros ;
Designación de volumen o secuencia 157
9 (RLIN) 182228
852 ## - LOCALIZACIÓN
Ubicación ES-MaACL
Número de control de estantería E-3132
Holdings
Estatus retirado Estado de pérdida Estado de daño No para préstamo Biblioteca de origen Biblioteca actual Ubicación en estantería Fecha de adquisición Fuente de adquisición Total de préstamos Signatura topográfica completa Código de barras Visto por última vez Precio de reemplazo Tipo de ítem Koha
        Biblioteca del Ateneo de Madrid Biblioteca del Ateneo de Madrid Depósito 2 17/01/2008     E-3132 1115541 23/02/2023 23/02/2023 Libro impreso